A Perfectly Good Family / (Record no. 5254)

MARC details
000 -LEADER
fixed length control field 01602nam a22003017a 4500
001 - CONTROL NUMBER
control field 5254
003 - CONTROL NUMBER IDENTIFIER
control field FISKH
005 - DATE AND TIME OF LATEST TRANSACTION
control field 20241121112600.0
008 - FIXED-LENGTH DATA ELEMENTS--GENERAL INFORMATION
fixed length control field 241121b cb ||||| |||| 00| 0 eng d
020 ## - INTERNATIONAL STANDARD BOOK NUMBER
International Standard Book Number 9780732288013
040 ## - CATALOGING SOURCE
Original cataloging agency FISKH
Language of cataloging eng
Transcribing agency FISKH
Modifying agency FISKH
050 ## - LIBRARY OF CONGRESS CALL NUMBER
Classification number PS3569.H742
082 ## - DEWEY DECIMAL CLASSIFICATION NUMBER
Classification number 813.54
100 ## - MAIN ENTRY--PERSONAL NAME
Personal name Shriver, Lionel
245 ## - TITLE STATEMENT
Title A Perfectly Good Family /
Statement of responsibility, etc. by Lionel Shriver
250 ## - EDITION STATEMENT
Edition statement First published in Great Britain in 1996
260 ## - PUBLICATION, DISTRIBUTION, ETC.
Place of publication, distribution, etc. New York :
Name of publisher, distributor, etc. HarperCollins Publishers ;
Date of publication, distribution, etc. 1996.
300 ## - PHYSICAL DESCRIPTION
Extent 277 pages :
Other physical details illustrations ;
Dimensions 21 cm .
505 ## - FORMATTED CONTENTS NOTE
Formatted contents note S <br/>
520 ## - SUMMARY, ETC.
Summary, etc. "Following the death of her worthy liberal parents, Corlis McCrea moves back into her family's grand Reconstruction mansion in North Carolina, willed to all three siblings. Her timid younger brother has never left home. When her bullying black-sheep older brother moves into "his" house as well, it's war. Each heir wants the house. Yet to buy the other out, two siblings must team against one. Just as in girlhood, Corlis is torn between allying with the decent but fearful youngest and the iconoclastic eldest, who covets his legacy to destroy it. A Perfectly Good Family is a stunning examination of inheritance, literal and psychological: what we take from our parents, what we discard, and what we are stuck with, like it or not"--P. [4] of cover.
521 8# - TARGET AUDIENCE NOTE
Target audience note 800 <br/>
Source Lexile estimate <br/>
521 8# - TARGET AUDIENCE NOTE
Target audience note S <br/>
Source RAz-Plus <br/>
650 ## - SUBJECT ADDED ENTRY--TOPICAL TERM
Topical term or geographic name entry element Inheritance and succession
Form subdivision fiction
650 ## - SUBJECT ADDED ENTRY--TOPICAL TERM
Topical term or geographic name entry element inheritance
Form subdivision fiction
650 ## - SUBJECT ADDED ENTRY--TOPICAL TERM
Topical term or geographic name entry element siblings
Form subdivision fiction
942 ## - ADDED ENTRY ELEMENTS (KOHA)
Source of classification or shelving scheme Dewey Decimal Classification
Koha item type Books
Suppress in OPAC No
Holdings
Withdrawn status Lost status Source of classification or shelving scheme Damaged status Not for loan Collection Home library Current library Shelving location Date acquired Total Checkouts Full call number Barcode Date last seen Price effective from Koha item type
    Dewey Decimal Classification     Fiction Footprints International School Library Network Toul Kork Campus Footprints International School Library Network Toul Kork Campus TTP Secondary Fiction Bookshelves 11/21/2024   SHR 813.54 PS3569.H742 FISSE04326 11/21/2024 11/21/2024 Books